banner-ar

دراسة مسيحية تقويمية للبحوث التربوية والنفسية منذ الثلاثينات : (Record no. 65117)

MARC details
000 -الفاتح
حقل البيانات ثابتة الطول 00862nam a22002177a 4500
005 - وقت وتاريخ اخر تعامل مع التسجيلة
رقم الضبط 20240530110808.0
008 - عناصر البيانات ثابتة الطول - معلومات عامة
حقل البيانات ثابتة الطول 190313s1988 ua g 000 0 ara d
017 ## - رقم الايداع القانونى
رقم الايداع القانونى 1990/4651
المصدر ( الهيئة المختصة) مصر. دار الكتب
020 ## - الرقم الدولى المعيارى للكتب
الرقم الدولى المعيارى للكتاب 9775031028
040 ## - مصدر الفهرسة
وكالة الفهرسة الأصلية EG-CaGPL
وكالة النسخ EG-CaGPL
082 04 - رقم تصنيف ديوى العشرى
رقم الطبعة 21
رقم التصنيف 155/
رقم المادة ك د
110 ## - المدخل الرئيسى - إسم هيئة
اسم الهيئة أو اسم السلطة كمدخل كلية التربية
245 10 - بيان العنوان
العنوان دراسة مسيحية تقويمية للبحوث التربوية والنفسية منذ الثلاثينات :
بقية العنوان التقرير التهائى /
بيان المسئوليه,etc كلية التربية
260 ## - PUBLICATION, DISTRIBUTION, ETC. (IMPRINT)
تاريخ النشر أو التوزيع 1988.
300 ## - الوصف المادى
التعداد 905 ص. ؛
أبعاد الوعاء 24 سم.
650 #7 - المدخل الاضافى بالموضوع-مصطلح موضوعى
مصدر الرأس أو المصطلح qrmak
مصطلح موضوعي علم النفس التربوى
650 #7 - المدخل الاضافى بالموضوع-مصطلح موضوعى
مصدر الرأس أو المصطلح qrmak
مصطلح موضوعي الصحة النفسية
650 #7 - المدخل الاضافى بالموضوع-مصطلح موضوعى
مصدر الرأس أو المصطلح qrmak
مصطلح موضوعي علم النفس الاجتماعى
651 ## - المدخل الاضافى بالموضوع - اسم جغرافى
مصدر الرأس أو المصطلح qrmak
942 ## - عناصر المدخل الإضافي( كوها)
مصدر التصنيف او مخطط الترفيف Dewey Decimal Classification
Koha [default] item type كتاب
260 ## - PUBLICATION, DISTRIBUTION, ETC. (IMPRINT)
-- القاهرة :
-- كلية التربية : جامعة عين الشمس،
Holdings
حالة التراجع حالة الفقد حالة تلف ليس للاعارة المكان المؤقت الموقع الحالى موقع الترفيف تاريخ الاكتساب اجمالي اﻻعارات رقم الطلب الباركود تاريخ اخر مشاهدة تاريخ تفعيل السعر نوع وعاء كوها
        مكتبة القاهرة الكبرى مكتبة القاهرة الكبرى القاعة الرئيسية 03/13/2019   155/ ك د 165697 03/13/2019 03/13/2019 كتاب

Powered By

EGPV